1364 1360 1165 1947 1072 1265 1270 1716 1197 1501 1770 1474 1712 1564 1741 1701 1427 1481 1625 1001 1556 1391 1830 1885 1433 1587 1223 1129 1729 1669 1364 1574 1430 1382 1484 1754 1651 1866 1250 1507 1136 1887 1155 1294 1708 1353 1332 1863 1983 1819 1630 1506 1716 1762 1122 1650 1363 1618 1551 1403 1876 1331 1683 1971 1439 1132 1361 1349 1009 1042 1379 1390 1228 1260 1922 1038 1419 1004 1563 1767 1765 1069 1537 1202 1529 1678 1938 1649 1077 1946 1572 1795 1352 1092 1775 1917 1759 1664 1404 BCNSPRNW ULIB Ver.6.0+V

เปลี่ยนเป็นภาษาไทย

Change to English
 แสดงรายละเอียดบรรณานุกรม
  กลับหน้าหลัก

Brief Record : Get Marc (ISO 2709) : E-mail record : QR code < ปิดหน้าต่าง
LEADER : 00000nam 2200000uu 4500
001    13399120680
003     ULIB
008    121004s2544||||th 000 0 tha d
020    9742940886
050 04 ^aBF576^bส691ก
110 1  ^aกระทรวงสาธารณสุข^bสำนักงานปลัดกระทรวงสาธารณสุข^bสถาบันพระบรมราชชนก
245 10 ^aการพัฒนาคุณลักษณะตนเอง หน่วยการเรียนที่ 3 การพัฒนาคุณลักษณะตนเองด้านสังคม /^cสถาบันพระบรมราชชนก
260    ^aกรุงเทพฯ :^bสถาบันพระบรมราชชนก,^c2544
300    ^a75 หน้า
650  7 ^aมนุษยสัมพันธ์
650  7 ^aมารยาทสังคม
945    ^p0^l0^i14443
995    ^aวิภา
999 ^a ใช้งานได้ทุกระบบ
รายการนี้ยังไม่มีแท็ก
คุณยังไม่ได้ล็อกอิน คุณสามารถมีกิจกรรมร่วมกับเว็บไซต์ได้ แต่ต้องล็อกอินก่อน ::
  ล็อกอิน

รายการสื่อสารสนเทศ

ลำดับที่ ประเภท เลขเรียก/บาร์โค้ด สถานที่ สถานะ
1. วิทยาศาสตร์การแพทย์ และสุขภาพ
วิทยาศาสตร์การแพทย์ และสุขภาพ
BF576 ส691ก  
  Barcode: 14443
ห้องสมุดวิทยาเขตสวรรค์ประชารักษ์
►หนังสือทั่วไป
บนชั้น

รายการใกล้เคียง
    หัวเรื่อง [มนุษยสัมพันธ์]
    หัวเรื่อง [มารยาทสังคม]

BibComment


ยังไม่เคยถูกคอมเมนท์

คอมเมนท์ทรัพยากรรายการนี้
  คอมเมนท์: การพัฒนาคุณลักษณ..


 Copyright 2026. Bcnsprnw @Library